Statistics for All island countries

Click here to take the quiz!

General Stats

  • This quiz has been taken 30 times
    (8 since last reset)
  • The average score is 42 of 49

Answer Stats

ContinentCountry% Correct
OceaniaAustralia
100%
North AmericaHaiti
100%
AsiaIndonesia
100%
AfricaMadagascar
100%
EuropeMalta
100%
OceaniaNew Zealand
100%
AsiaPhilippines
100%
EuropeUnited Kingdom
100%
AsiaBrunei
88%
AfricaCape Verde
88%
AfricaComoros
88%
North AmericaCuba
88%
Europe/AsiaCyprus
88%
North AmericaDominica
88%
North AmericaDominican Republic
88%
AsiaEast Timor
88%
OceaniaFiji
88%
North AmericaGrenada
88%
EuropeIceland
88%
EuropeIreland
88%
AsiaJapan
88%
AsiaMaldives
88%
OceaniaMarshall Islands
88%
OceaniaMicronesia
88%
OceaniaNauru
88%
OceaniaPalau
88%
OceaniaPapua New Guinea
88%
AfricaSeychelles
88%
AsiaSri Lanka
88%
North AmericaSt kitts and Nevis
88%
North AmericaSt Lucia
88%
North AmericaSt Vincent and the grenadines
88%
AsiaTaiwan
88%
OceaniaTuvalu
88%
OceaniaVanuatu
88%
North AmericaAntigua and Barbuda
75%
North AmericaBahamas
75%
North AmericaJamaica
75%
OceaniaKiribati
75%
OceaniaSamoa
75%
AfricaSão Tomé and Príncipe
75%
AsiaSingapore
75%
OceaniaSolomon Islands
75%
OceaniaTonga
75%
North AmericaTrinidad and Tobago
75%
AsiaBahrain
63%
North AmericaBarbados
63%
AsiaMalaysia
63%
AfricaMauritius
63%

Score Distribution

Percentile by Number Answered

Percent of People with Each Score

Your Score History

You have not taken this quiz since the last reset